| 000 | 00517nam a2200217Ia 4500 | ||
|---|---|---|---|
| 008 | 170918s9999 xx 000 0 und d | ||
| 020 | _a9780439691475 | ||
| 050 | _bS857 2006 | ||
| 100 | _aStilton, Geronimo | ||
| 245 | _aValentine's day disaster / | ||
| 245 | _cby Geronimo Stilton. | ||
| 260 | _aNew York : | ||
| 260 | _bScholastic, | ||
| 260 | _c2006 | ||
| 300 | _a91 pages : | ||
| 300 | _bcolor illustrations ; | ||
| 300 | _c19cm. | ||
| 300 | _eGeronimo Stilton ; | ||
| 440 | _a23 | ||
| 500 | _a540 | ||
| 999 |
_c343701 _d343701 |
||